| 000 | 00776nam a2200229 a 4500 | ||
|---|---|---|---|
| 001 | 000043615 | ||
| 005 | 20201002044859.0 | ||
| 008 | 140331s1970 sp 000 0 spa d | ||
| 040 |
_aDO-SdBNP _bspa _cBNPHU |
||
| 082 |
_a922.22 _bD285s |
||
| 100 | 1 |
_aDe Ávila, Santa _d1515-1582 _971427 |
|
| 245 | 1 | 0 |
_aSu vida / _cSanta Teresa de Jesús; prólogo Carlos Prieto García. |
| 246 | 1 | 2 | _aLibro de su vida |
| 260 |
_aMadrid : _bLibra, _c1970. |
||
| 300 |
_a213 p. ; _c17 cm. |
||
| 490 | 1 |
_aPurpura _v9 |
|
| 600 | 1 | 4 |
_aÁVILA, TERESA DE, _cSANTA _d1515-1582 _xBIOGRAFÍAS _971428 |
| 650 | 4 |
_aSantos cristianos _zEspaña _zÁvila _xBiografías _971429 |
|
| 651 | 4 |
_aÁvila _zEspaña _xBiografías _971430 |
|
| 700 | 1 | 2 |
_aPrieto García, Carlos _eprol. _971431 |
| 830 | 0 |
_aPurpura _n9 _971432 |
|
| 999 |
_c43104 _d43104 |
||